Detalles MARC
| 000 -LIDER |
| fixed length control field |
01112nam a2200361 4500 |
| 001 - NÚMERO DE CONTROL |
| Identificador de número de control |
00441278 |
| 003 - IDENTIFICACDOR DE NÚMERO DE CONTROL |
| control field |
DO-SdBNP |
| 005 - DATE AND TIME OF LATEST TRANSACTION |
| control field |
20180220141840.0 |
| 007 - CAMPOS FIJOS DE DESCRIPCIÓN FÍSICA |
| fixed length control field |
00441278 |
| 008 - ELEMENTOS DE LONGITUD FIJA |
| fixed length control field |
950522s1993 sp a | |||| ||spa |
| 016 7# - NO. DE CONTROL DE LA AGENCIA BIB. NACIONAL |
| Record control number |
|
| Source |
BPMSU |
| 017 ## - NÚMERO DE REGISTRO DE DERECHOS DE AUTOR |
| Copyright or legal deposit number |
|
| Assigning agency |
|
| 020 ## - ISBN |
| International Standard Book Number |
8434820919 |
| 035 ## - NÚMERO LOCAL |
| System control number |
|
| 040 ## - FUENTE DE CATALOGACIÓN |
| Agencia que crea de manera original el registro |
BPMSU |
| Idioma de catalogación |
spa |
| Agencia que realiza la transcripción |
BPMSU |
| Convenciones de la despripción |
|
| 041 1# - CÓDIGOS DE OBRAS TRADUCIDAS O EN VARIOS IDIOMAS |
| Código del idioma del texto/archivo de sonido o separata |
spa |
| Cód. del idioma original y/o traducciones intermedias del texto |
|
| 080 #0 - NÚMERO DE CLASIFICACIÓN DECIMAL UNIVERSAL |
| Universal Decimal Classification number |
|
| 100 1# - ASIENTO PRINCIPAL -- NOMBRE PERSONAL |
| Nombre personal |
Martín, Paco |
| Fechas asociadas con el nombre |
1940- |
| 240 14 - TITULO UNIFORME |
| Título uniforme |
Das cousas de Ramón Lamote / |
| 245 14 - MENCIÓN DE TITULO |
| Título |
Cosas de Ramón Lamote / |
| Mención de responsabilidad |
Paco Martín ; ilustraciones, Xoán Balboa ; traducción, Ángela Franco |
| Medio (Designación general de material) |
|
| 250 ## - MENCIÓN DE EDICION |
| Mención de edición |
7ª ed. |
| 260 ## - PUBLICACIÓN, DISTRIBUCIÓN, ETC. (PIE DE IMPRENTA) |
| Lugar de publicación, distribución, etc |
Madrid : |
| Nombre del editor, distribuidor, etc. |
SM, |
| Fecha de publicación, distribución, etc |
1993 |
| 300 ## - DESCRIPCIÓN FÍSICA |
| Extensión |
155 p. : |
| Otros detalles físicos |
il.; |
| Dimensiones |
19 cm |
| 490 ## - MENCIÓN DE SERIES |
| Mención de serie |
El barco de vapor. |
| -- |
Serie roja |
| Volume/sequential designation |
49 |
| 521 ## - TARGET AUDIENCE NOTE |
| Target audience note |
A partir de 12 años |
| 586 ## - AWARDS NOTE |
| Awards note |
Premio nacional de literatura infantil y juvenil 1986 (Premio o Barco de Vapor 1984) |
| 700 1# - ASIENTO SECUNDARIO -- NOMBRE PERSONAL |
| Nombre personal |
Balboa, Xoán |
| Fechas asociadas con el nombre |
1938- |
| Mención de responsabilidad |
il. |
| 700 1# - ASIENTO SECUNDARIO -- NOMBRE PERSONAL |
| Nombre personal |
Franco, Ángela |
| Mención de responsabilidad |
tr. |
| 830 ## - ASIENTO SECUNDARIO DE SERIE--TÍTULO UNIFORME |
| Título uniforme |
El barco de vapor. |
| Nombre de la parte o sección de una obra |
Serie roja |
| Volume number/sequential designation |
49 |
| 942 ## - ADDED ENTRY ELEMENTS (KOHA) |
| Source of classification or shelving scheme |
Dewey Decimal Classification |
| Koha item type |
Libros |
| 945 ## - INFORMACIÓN DE PROCESAMIENTO LOCAL |
| Información de procesamiento local |
Inventariado, 2018/ YL |
| 956 ## - LOCAL ELECTRONIC LOCATION AND ACCESS (OCLC) |
| Nombre de host |
VMATEO |
| Método de acceso |
10 |
| Materiales especificados |
20160411 |
| Enlace |
BPMSU |
| Campo enlazado y núm. de secuencia |
0069 |